Word Ladder: 'Siamese' Countries IV Quiz Stats

Quiz not verified by Sporcle

Challenge
Share
Tweet
Embed
Score 0/20 Timer 05:00
0 Plays Today
Hint #1 Answer #1 - #2 % Correct
Shopping MeccaMALL - ASIA
93.5%
웃 Country with Kuala Lumpur as its capital 웃♢ MALA - YSIA ♢
92.8%
Glove fillerHAND - ERAS
87%
웃 Caribbean island nation home to Rihanna 웃♢ BARB - ADOS ♢
87%
Residential district, for shortBURB - ADDS
87%
Edison's incandescent inventionBULB - AIDS
87%
HairlessBALD - AREA
86.2%
Horizontal window baseSILL - MARS
85.5%
웃 Central American Hispanophone country 웃♢ HOND - URAS ♢
84.8%
Suffix linking Ice-, Ire- and Thai-LAND - EROS
84.8%
Hint #1 Answer #1 - #2 % Correct
Sporting sphereBALL - ASEA
84.1%
Matador's playthingBULL - AIRS
82.6%
웃 Country named after Columbus 웃♢ COLO - MBIA ♢
80.4%
Gates, Clinton or CosbyBILL - MIR'S
79.7%
Cooking fatLARD - EMOS
79%
Patronised poetBARD - AMOS
78.3%
Musical cooperativeBAND - UREA
76.1%
Adhesion between atomsBOND - URES
71.7%
Storage towerSILO - MARA
71%
UnaccompaniedSOLO - MAIA
69.6%

You're not logged in!

Compare scores with friends on all Sporcle quizzes.
Join for Free
OR
Log In

You Might Also Like...

Show Comments

Extras

Top Quizzes Today


Score Distribution

Your Account Isn't Verified!

In order to create a playlist on Sporcle, you need to verify the email address you used during registration. Go to your Sporcle Settings to finish the process.

Report this User

Report this user for behavior that violates our Community Guidelines.

Details: